000 00639cam a2200229u 4500
001 16643
003 BD-RjUL
005 20211209000032.0
008 140215s1936 nyua 000 0 eng
035 _a(BD-RjUL)16698
040 _aDLC
_cCarP
_dDLC
_dBD-RjUL
_beng
041 _aeng
082 0 0 _219
_a813.5
_bFAO 1936
100 1 _aFallada, Hans,
_d1893-1947.
_951419
245 1 3 _aAn old heart goes a-journeying /
_cHans Fallada.
260 _aNew York :
_bSimon and Schuster,
_c1936.
300 _avii, 326 p. :
_b illus. ;
_c21 cm.
650 0 _ajourneying
_951420
942 _2ddc
_cBK
999 _c16643
_d16643